Sborník prác z fyziológie vyššej nervovej činnosti

Bibliographic Details
Main Author: Pavlov, Ivan Petrovič, 1849-1936 (Author)
Other Authors: Pardel, Tomáš, 1918-1998 (Translator), Molčanova, O. P. (Author of introduction, etc.)
Format: Book
Language:Slovak
Russian
PhysicalDescription:266 strán, 2 nečíslované strany obrazových príloh ilustrácie 24 cm
Published: V Bratislave Slovenské pedagogické nakladateľstvo 1953
Edition:Vydanie prvé
Series:Knižnica pedagogických spisov
Subjects:

MARC

LEADER 00000cam a2200000 a 4500
001 vtls008389847
003 SK-MaSNL
005 20260301140512.0
008 230403s1953 xo a grn 011 0 slo
015 |a SNBA19451955-008918 
020 |q (viazané) 
035 |a SK01SNKBKSFS20010082064 
035 |a urn:nbn:sk:snk-am3idts 
035 |a urn:nbn:sk:snk-am00e69v 
035 |a 95D308A7-95E7-4BFD-AD55-32BDB424D160 
035 |a SKM000084527 
040 |a SNK  |b slo  |c SNK  |e AACR2 
041 1 |a slo  |h rus 
044 |a xo  |c SK 
072 7 |a 612  |x Fyziológia človeka a porovnávacia fyziológia  |2 konspekt 
072 7 |a 376  |x Výchova a vzdelávanie zvláštnych skupín osôb  |2 konspekt 
080 |a 612  |2 2011 
080 |a 612.8  |2 2011 
080 |a 316.344.6-056.26/.3  |2 2011 
080 |a (082)  |2 2011 
100 1 |a Pavlov, Ivan Petrovič,  |d 1849-1936  |4 aut  |9 198923 
240 1 0 |a Izbrannyje trudy po fiziologii vyššej nervnoj dejateľnosti  |l Slovensky 
245 1 0 |a Sborník prác z fyziológie vyššej nervovej činnosti  |c I. P. Pavlov ; z ruského originálu Izbrannyje trudy po fiziologii vyššej nervnoj dejateľnosti, predislovije O. P. Molčanovoj preložil prekladateľský kolektív ŠPÚ pod vedením T. Pardela 
250 |a Vydanie prvé 
260 |a V Bratislave  |b Slovenské pedagogické nakladateľstvo  |c 1953 
300 |a 266 strán, 2 nečíslované strany obrazových príloh  |b ilustrácie  |c 24 cm 
366 |e 3000 kusov 
490 1 |a Knižnica pedagogických spisov  |v Sväzok 6 
504 |a Obsahuje bibliografické odkazy ; vysvetlivky: abecedný zoznam uvedených vysvetliviek 
650 0 7 |a fyziológia  |2 SNKPH  |9 697 
650 0 7 |a nervový systém  |2 SNKPH  |9 67250 
650 0 7 |a defektológia  |2 SNKPH  |9 71575 
650 0 7 |a Physiology  |2 SNKPHeng  |9 266273 
650 0 7 |a Nervous system  |2 SNKPHeng  |9 268144 
650 0 7 |a Defectology  |2 SNKPHeng  |9 493252 
655 7 |a zborníky  |2 SNKPH  |9 70165 
655 7 |a Papers of several authors  |2 SNKPHeng  |9 153738 
700 1 |a Pardel, Tomáš,  |d 1918-1998  |4 trl  |9 213956 
700 1 |a Molčanova, O. P.  |4 aui  |9 493253 
752 |a Slovensko  |d Bratislava 
830 0 |a Knižnica pedagogických spisov  |9 307167 
852 |a Slovenská národná knižnica 
954 |a odborná, vedecká literatúra cudzojazyčná (svetová)  |2 lita 
958 |a OND 
958 |a RK 
958 |a TL 
958 |a ZB 
958 |a NB 
958 |a OP 
958 |a EUIPO 
968 |b RUS 
999 |c 763949  |d 765879 
952 |a SNK  |b SNK  |y PREZ  |7 0  |p 17A0758311  |o snkSC 4931/6[a]/1953  |i snk291/54  |0 0  |1 0  |4 0  |d 2011-12-07  |f 1  |l 0  |r 2025-07-04 00:00:00  |w 2026-02-24 
952 |t    |a SNK  |b SNK  |y VYP  |7 0  |p 17A0322971  |o snkSC 4931/6[a]/1953 D1  |i snkI. 2454/54  |0 0  |1 0  |4 0  |d 2002-01-25  |l 0  |r 2005-01-02 00:00:00  |w 2026-02-24